[Event "SRB-chT3 East"]
[Site "Kladovo"]
[Date "2008.10.26"]
[Round "11.3"]
[White "Stojanovic, Dragisa"]
[Black "Dinic, Dragan"]
[Result "1/2-1/2"]
[WhiteElo "2077"]
[BlackElo "2331"]
[PlyCount "46"]
[EventDate "2008.09.14"]
[EventType "team"]
[EventRounds "11"]
[EventCountry "SRB"]
[SourceTitle "EXT 2012"]
[Source "ChessBase"]
[SourceDate "2011.11.24"]
[SourceVersion "1"]
[SourceVersionDate "2011.11.24"]
[SourceQuality "1"]

1. Nf3 Nf6 2. g3 g6 3. Bg2 Bg7 4. 0-0 0-0 5. d3 d5 6. c3 c5 7. Nbd2 Nc6 8. e4 e5 9. Qc2 h6 10. Re1 d4 11. Nc4 Qe7 12. cxd4 cxd4 13. b3 Rb8 14. Bd2 Bg4 15. h3 Bxf3 16. Bxf3 Rfc8 17. Qb2 b5 18. Na3 Nb4 19. Be2 a6 20. Rac1 Bf8 21. Nb1 Qe6 22. Kg2 Rxc1 23. Rxc1 Rc8 1/2-1/2